| Tag |
First Indicator |
Second Indicator |
Subfields |
| LEADER |
00000cam a2200000 a 4500 |
| 001 |
in00001375721 |
| 005 |
20151006085515.0 |
| 007 |
hd afa014baca |
| 008 |
900815s1971 dcu ab f000 0 eng d |
| 035 |
|
|
|a (OCoLC)22221352
|
| 035 |
|
|
|9 AHJ6948AM
|
| 040 |
|
|
|a NDO
|c NDO
|d UtOrBLW
|
| 049 |
|
|
|a TXAI
|
| 090 |
|
|
|a JK1108
|b .M35 reel 2
|
| 099 |
|
|
|a film
|a S
|a 1707
|a reel 2, fr. 0288).
|
| 100 |
1 |
|
|a Avakian, Nancy.
|
| 245 |
1 |
0 |
|a Minority students and higher education :
|b selected references /
|c Nancy Avakian, Katharine Dorko.
|
| 264 |
|
1 |
|a [Washington, D.C.] :
|b Library of Congress, Congressional Research Service,
|c [1971]
|
| 300 |
|
|
|a 27 pages ;
|c 27 cm.
|
| 336 |
|
|
|a text
|b txt
|2 rdacontent
|
| 337 |
|
|
|a microform
|b h
|2 rdamedia
|
| 338 |
|
|
|a microfilm reel
|b hd
|2 rdacarrier
|
| 500 |
|
|
|a Cover title.
|
| 500 |
|
|
|a "August 20, 1971."
|
| 500 |
|
|
|a "LB 2301 U.S. 1 ; 71-194 edition."
|
| 533 |
|
|
|a Microfilm.
|b Arlington, Va. :
|c University Publications of America,
|d 1975.
|e on 1 microfilm reel ; 35 mm. Low reduction.
|f (Major studies of the Legislative Reference Service/Congressional Research Service ; reel 2, fr. 0288).
|
| 539 |
|
|
|a s
|b 1975
|d vau
|e n
|
| 500 |
|
|
|a Microform.
|
| 650 |
|
0 |
|a African Americans
|x Education (Higher)
|v Bibliography.
|
| 700 |
1 |
|
|a Dorko, Katharine.
|
| 710 |
2 |
|
|a Library of Congress.
|b Congressional Research Service.
|
| 830 |
|
0 |
|a Major studies of the Legislative Reference Service/Congressional Research Service ;
|v reel 2, fr. 0288.
|
| 999 |
|
|
|a MARS
|
| 999 |
f |
f |
|s ec4b1b0a-7852-3bae-b4ec-81d8e20a5739
|i 16e33562-753e-3354-90a6-c0ced39913f1
|t 0
|
| 952 |
f |
f |
|p default
|a Texas A&M University
|b College Station
|c Sterling C. Evans Library
|d Evans: Microforms (3rd floor)
|t 0
|e film S 1707 reel 2, fr. 0288).
|h Other scheme
|i microform -- microfilm reel
|
| 998 |
f |
f |
|a film S 1707 reel 2, fr. 0288).
|t 0
|l Evans: Microforms (3rd floor)
|